[Event "AUTO-ADV-1055"]
[Site "http://www.queenalice.com/game.php?id=613376"]
[Date "2009.7.4"]
[Round "3"]
[White "romerov"]
[Black "davi21"]
[Result "1-0"]
[WhiteElo "2257"]
[BlackElo "1829"]

1. d4 d5 2. c4 c6 3. Nf3 Bg4 4. Nbd2 Qa5 5. Qc2 Bxf3 6. b4 Be4 7. Qxe4 Qxb4 8.
cxd5 Nf6 9. Qf5 Nbd7 10. dxc6 bxc6 11. e3 e6 12. Qc2 c5 13. Bb2 Be7 14. Rb1 Qb7
15. dxc5 Nxc5 16. Bxf6 Qc7 17. Bxg7 Rg8 18. Bb5+ 1-0

[Event "AUTO-ADV-1165"]
[Site "http://www.queenalice.com/game.php?id=617367"]
[Date "2009.7.12"]
[Round "2"]
[White "romerov"]
[Black "wilfried"]
[Result "0-1"]
[WhiteElo "2256"]
[BlackElo "2157"]

1. d4 d5 2. c4 c6 3. Nf3 Nf6 4. g3 dxc4 5. Bg2 e6 6. Ne5 Bb4+ 7. Nc3 Nd5 8. O-O
Nxc3 9. bxc3 Bxc3 10. Rb1 Qxd4 11. Qxd4 Bxd4 12. Nxc4 Bc5 13. Rd1 O-O 14. Na5
Na6 15. Bf4 Bb6 16. Nc4 f6 17. Rxb6 axb6 18. Nxb6 e5 19. Bxe5 Ra7 20. Bd4 c5 21.
Bd5+ Kh8 22. Be3 Rd8 23. Nxc8 Rxc8 24. Rb1 Rd8 25. Bc4 h6 26. Kg2 Rd6 27. a4 g5
0-1

[Event "AUTO-ADV-1165"]
[Site "http://www.queenalice.com/game.php?id=617368"]
[Date "2009.7.12"]
[Round "2"]
[White "wilfried"]
[Black "romerov"]
[Result "1-0"]
[WhiteElo "2141"]
[BlackElo "2272"]

1. d4 d5 2. c4 c6 3. Nc3 Nf6 4. e3 Bg4 5. f3 Be6 6. Nge2 Bc8 7. Nf4 g5 8. Nd3
dxc4 9. Ne5 Nbd7 10. Nxc4 Nb6 11. e4 Rg8 12. Be3 g4 13. Qb3 gxf3 14. gxf3 Nxc4
15. Bxc4 e6 16. O-O-O Qc7 17. Kb1 Rg2 18. d5 exd5 19. exd5 Bf5+ 20. Bd3 Bxd3+
21. Rxd3 Be7 22. Re1 Kf8 23. Rd2 Rg6 24. f4 Kg8 25. f5 Rg4 26. Bd4 Rd8 27. h3
1-0

[Event "AUTO-ADV-1165"]
[Site "http://www.queenalice.com/game.php?id=617369"]
[Date "2009.7.12"]
[Round "2"]
[White "romerov"]
[Black "viki"]
[Result "1-0"]
[WhiteElo "2256"]
[BlackElo "1856"]

1. d4 d5 2. c4 e6 3. g3 Nf6 4. Bg2 Bb4+ 5. Bd2 Nc6 6. Bxb4 Nxb4 7. Nf3 O-O 8. a3
Nc6 9. cxd5 exd5 10. O-O Bg4 11. Nc3 Re8 12. e3 Ne4 13. Qc2 Qf6 14. Nxd5 Qd6 15.
Nf4 Bf5 16. Nh4 Qd7 17. d5 Nd8 18. g4 Ng3 19. Nxf5 Nxf1 20. Nh5 Nxe3 21. fxe3
Qb5 22. Qc3 f6 23. Nxf6+ Kh8 24. Nxe8 Qd7 25. Nexg7 Kg8 26. Nh6+ Kf8 27. Rf1+
1-0

[Event "AUTO-ADV-1165"]
[Site "http://www.queenalice.com/game.php?id=617370"]
[Date "2009.7.12"]
[Round "2"]
[White "viki"]
[Black "romerov"]
[Result "0-1"]
[WhiteElo "1871"]
[BlackElo "2297"]

1. e4 e6 2. d4 d5 3. exd5 exd5 4. Nf3 Bg4 5. h3 Bh5 6. Nc3 Nc6 7. Be2 Nf6 8. Bg5
Be7 9. O-O O-O 10. Re1 h6 11. Bh4 Re8 12. Bb5 Bxf3 13. Qxf3 Nxd4 14. Qd3 Nxb5
15. Nxb5 Ne4 16. Bxe7 Qxe7 17. Nc3 c6 18. Re3 Rad8 19. Rae1 Qb4 20. f3 Nd6 21.
Rxe8+ Rxe8 22. Rxe8+ Nxe8 23. Qe2 Nc7 24. Nd1 Ne6 25. c3 Qa4 26. a3 d4 27. Qd2
Qa5 28. Qd3 Nf4 29. Qe4 Qg5 30. g4 Nxh3+ 31. Kh2 Nf4 32. Kg3 Ne6 33. f4 Qd8 34.
cxd4 Qxd4 35. Qxd4 Nxd4 36. Ne3 f5 37. gxf5 Kf7 38. Nc4 Nxf5+ 39. Kf3 h5 40. Na5
Nd6 41. Ke3 Ke6 42. Kd4 c5+ 43. Kxc5 b6+ 44. Kb4 bxa5+ 45. Kxa5 Nc4+ 46. Ka6
Nxb2 47. Kxa7 h4 0-1

[Event "AUTO-ADV-1281"]
[Site "http://www.queenalice.com/game.php?id=654007"]
[Date "2009.9.17"]
[Round "2"]
[White "afonso092"]
[Black "romerov"]
[Result "0-1"]
[WhiteElo "2078"]
[BlackElo "2267"]

1. e4 e6 2. Nf3 d5 3. exd5 exd5 4. d4 Nc6 5. h3 Nf6 6. Bg5 Be7 7. Bd3 O-O 8. O-O
h6 9. Bf4 Bd6 10. Bxd6 cxd6 11. c3 Nh5 12. Nbd2 Be6 13. Bb1 Nf4 14. Qc2 g6 15.
Kh2 Re8 16. Qd1 Qf6 17. Rg1 Bd7 18. Nf1 Re2 19. b3 Rxf2 20. Qe1 Nxh3 0-1

[Event "AUTO-ADV-1281"]
[Site "http://www.queenalice.com/game.php?id=654008"]
[Date "2009.9.17"]
[Round "2"]
[White "romerov"]
[Black "afonso092"]
[Result "1-0"]
[WhiteElo "2260"]
[BlackElo "2087"]

1. d4 d5 2. c4 e6 3. g3 Bd7 4. Bg2 c6 5. Nf3 Nf6 6. O-O h6 7. Nc3 dxc4 8. Ne5
Nd5 9. Nxc4 Be7 10. e4 Nf6 11. Qb3 b5 12. Ne5 O-O 13. Bf4 a6 14. Rfd1 Bd6 15.
Nxd7 Qxd7 16. e5 Nh5 17. Be3 Be7 18. g4 Nf6 19. exf6 Bxf6 20. a4 Ra7 21. axb5
cxb5 22. d5 e5 23. d6 Nc6 24. Bxc6 1-0

[Event "AUTO-ADV-1166"]
[Site "http://www.queenalice.com/game.php?id=670678"]
[Date "2009.10.22"]
[Round "2"]
[White "Rutty"]
[Black "romerov"]
[Result "0-1"]
[WhiteElo "1987"]
[BlackElo "2251"]

1. e4 e6 2. Nf3 d5 3. exd5 exd5 4. d4 Bd6 5. h3 Nf6 6. Bd3 Nc6 7. O-O O-O 8. Nc3
Be6 9. Bg5 Nb4 10. a3 Nxd3 11. Qxd3 h6 12. Bxf6 Qxf6 13. Rfe1 c6 14. Ne5 Bf5 15.
Qd2 Rae8 16. f4 Qh4 17. Qf2 Qxf2+ 18. Kxf2 f6 19. Nf3 Bxf4 20. g4 Bxc2 21. b4
Kf7 22. Rxe8 Rxe8 0-1

[Event "AUTO-ADV-1166"]
[Site "http://www.queenalice.com/game.php?id=670679"]
[Date "2009.10.22"]
[Round "2"]
[White "romerov"]
[Black "Rutty"]
[Result "1-0"]
[WhiteElo "2255"]
[BlackElo "1982"]

1. d4 d5 2. c4 c6 3. Nf3 Bf5 4. Nc3 e6 5. Bf4 Nf6 6. Qb3 b6 7. cxd5 cxd5 8. Nb5
Na6 9. Qa4 Bb4+ 10. Nc3+ Qd7 11. Qxa6 Bxc3+ 12. bxc3 O-O 13. Qa3 Rfc8 14. Rc1
Ne4 15. e3 h6 16. g4 Bg6 17. Ne5 Qd8 18. h4 h5 19. Nxg6 fxg6 20. gxh5 gxh5 21.
f3 Nf6 22. Ba6 1-0

[Event "AUTO-OPEN-1536"]
[Site "http://www.queenalice.com/game.php?id=678546"]
[Date "2009.11.6"]
[Round "2"]
[White "Matuto_do_Vale"]
[Black "romerov"]
[Result "0-1"]
[WhiteElo "1632"]
[BlackElo "2279"]

1. b3 e5 2. Bb2 d6 3. e3 Nc6 4. Bb5 Qg5 5. Bxc6+ bxc6 6. Qf3 Bd7 7. Ne2 Ne7 8.
d3 Bg4 9. h4 Qh5 10. Qg3 Bxe2 11. f3 Nf5 12. Qf2 Bxf3 13. Qxf3 Qxf3 14. gxf3
Nxe3 15. Kd2 Nf5 16. Na3 Be7 17. h5 Bg5+ 18. Kd1 g6 19. hxg6 fxg6 20. Rg1 Bf4
21. c4 h5 22. Rxg6 Kf7 23. Rg2 Ne3+ 24. Ke2 Nxg2 25. Rg1 Rag8 26. d4 Nh4 27.
Rxg8 Rxg8 28. dxe5 Rg2+ 29. Kd3 Rxb2 30. Ke4 Bxe5 31. f4 Bf6 0-1

[Event "AUTO-OPEN-1536"]
[Site "http://www.queenalice.com/game.php?id=678547"]
[Date "2009.11.6"]
[Round "2"]
[White "romerov"]
[Black "Matuto_do_Vale"]
[Result "1-0"]
[WhiteElo "2259"]
[BlackElo "1707"]

1. d4 d5 2. c4 e6 3. Nf3 Bd7 4. cxd5 exd5 5. Nc3 Nf6 6. Bg5 Be7 7. Bxf6 Bxf6 8.
Nxd5 Nc6 9. e3 Bg4 10. Bc4 Bxf3 11. Qxf3 Rc8 12. Qf5 Ne7 13. Nxf6+ Kf8 14. Nxh7+
Ke8 15. Bxf7# 1-0

[Event "AUTO-OPEN-1536"]
[Site "http://www.queenalice.com/game.php?id=678550"]
[Date "2009.11.6"]
[Round "2"]
[White "Mundico"]
[Black "romerov"]
[Result "0-1"]
[WhiteElo "2212"]
[BlackElo "2311"]

1. d4 f5 2. c4 e6 3. Nf3 Nf6 4. a3 Be7 5. Nc3 c5 6. d5 Ne4 7. Nxe4 fxe4 8. Nd2
e3 9. fxe3 O-O 10. g3 exd5 11. cxd5 d6 12. Nf3 Bf5 13. Bg2 Nd7 14. O-O Qc7 15.
Nd2 Bg6 16. e4 c4 17. Qc2 Qc5+ 18. Kh1 Ne5 19. h3 Qxd5 20. Rf4 Qe6 21. Nf1 Nc6
22. Be3 Rae8 23. Rc1 b5 24. Rd1 d5 0-1

[Event "AUTO-OPEN-1536"]
[Site "http://www.queenalice.com/game.php?id=678551"]
[Date "2009.11.6"]
[Round "2"]
[White "romerov"]
[Black "Mundico"]
[Result "1-0"]
[WhiteElo "2300"]
[BlackElo "2263"]

1. d4 d5 2. c4 c6 3. Nf3 Nf6 4. e3 e6 5. Nc3 Be7 6. Bd3 Nbd7 7. O-O O-O 8. Qc2
h6 9. e4 dxe4 10. Nxe4 Qc7 11. g3 Rd8 12. Bf4 Qa5 13. Nd6 Nh5 14. Bd2 Qc7 15.
Bh7+ Kf8 16. Nxf7 Kxf7 17. Qg6+ Kf8 18. Qxh5 Nf6 19. Qg6 Nxh7 20. Qxh7 c5 21.
Bf4 Bd6 22. Bxd6+ 1-0

[Event "AUTO-ADV-1166"]
[Site "http://www.queenalice.com/game.php?id=698079"]
[Date "2009.12.14"]
[Round "3"]
[White "romerov"]
[Black "mufra22"]
[Result "1-0"]
[WhiteElo "2298"]
[BlackElo "1928"]

1. d4 d5 2. c4 c6 3. Nf3 Bf5 4. cxd5 cxd5 5. Qb3 Qd7 6. Ne5 Qc8 7. Nc3 e6 8. e4
dxe4 9. g4 Bg6 10. h4 f6 11. h5 Bf7 12. Nxf7 Kxf7 13. d5 b6 14. dxe6+ Ke8 15.
Qd5 Be7 16. Qxa8 1-0

[Event "AUTO-ADV-1166"]
[Site "http://www.queenalice.com/game.php?id=698080"]
[Date "2009.12.14"]
[Round "3"]
[White "mufra22"]
[Black "romerov"]
[Result "0-1"]
[WhiteElo "1909"]
[BlackElo "2299"]

1. e4 e6 2. Nf3 d5 3. Nc3 Nf6 4. e5 Nfd7 5. d4 c5 6. Bb5 a6 7. Be2 Nc6 8. Be3
cxd4 9. Nxd4 Ndxe5 10. f4 Nxd4 11. Qxd4 Nc6 12. Qd1 d4 13. O-O dxe3 0-1

[Event "AUTO-ADV-1298"]
[Site "http://www.queenalice.com/game.php?id=700665"]
[Date "2009.12.20"]
[Round "2"]
[White "romerov"]
[Black "majersesc"]
[Result "1-0"]
[WhiteElo "2330"]
[BlackElo "2231"]

1. d4 Nf6 2. c4 g6 3. Nf3 Bg7 4. Nc3 d5 5. cxd5 Nxd5 6. e3 e6 7. Bb5+ c6 8. Bc4
Nd7 9. O-O O-O 10. e4 N5b6 11. Bg5 Bf6 12. Bxf6 Nxf6 13. Be2 Qe7 14. Qd2 Kg7 15.
Rac1 Rd8 16. Rfd1 h6 17. a3 Bd7 18. e5 Ne8 19. Re1 Rac8 20. Ne4 1-0

[Event "AUTO-ADV-1298"]
[Site "http://www.queenalice.com/game.php?id=700666"]
[Date "2009.12.20"]
[Round "2"]
[White "majersesc"]
[Black "romerov"]
[Result "0-1"]
[WhiteElo "2241"]
[BlackElo "2320"]

1. d4 Nf6 2. Nf3 d5 3. e3 Bg4 4. Be2 c5 5. O-O Nc6 6. c3 e6 7. Nbd2 cxd4 8. exd4
Bd6 9. Ne5 Bxe2 10. Qxe2 Qc7 11. f4 O-O 12. h3 Ne7 13. g4 a6 14. g5 Nd7 15. Ndf3
Nf5 16. Kg2 f6 17. Ng4 Rae8 18. gxf6 Nxf6 19. Nge5 Ne4 0-1